[Event "ROM-ch U08"]
[Site "Calimanesti Caciulata"]
[Date "2019.04.20"]
[Round "7"]
[White "Vulpescu, Tudor Stefan"]
[Black "Roiu, David Gabriel"]
[Result "0-1"]
[WhiteElo "1001"]
[BlackElo "1001"]
[PlyCount "64"]
[EventDate "2019.04.15"]
[EventType "swiss"]
[EventRounds "9"]
[EventCountry "ROU"]
[SourceTitle "CBM 190 Extra"]
[Source "ChessBase"]
[SourceDate "2019.07.15"]
[SourceVersion "1"]
[SourceVersionDate "2019.07.15"]
[SourceQuality "1"]

1. e4 c5 2. b3 Nc6 3. Bb2 e5 4. Nf3 d6 5. Bb5 g6 6. Nxe5 dxe5 7. Bxe5 f6 8. Bc3 a6 9. Bxc6+ bxc6 10. e5 Qe7 11. 0-0 Bg7 12. Re1 Be6 13. exf6 Nxf6 14. Bxf6 Bxf6 15. Nc3 Rd8 16. Qe2 Kf7 17. Qxa6 Rxd2 18. Qxc6 Rxc2 19. Nd5 Qd7 20. Qxd7+ Bxd7 21. Re3 Re8 22. Rxe8 Bxe8 23. h3 Bxa1 24. Ne3 Rc1+ 25. Kh2 Be5+ 26. g3 Bc6 27. Ng2 Rc2 28. h4 Rxf2 29. h5 Rxg2+ 30. Kh3 Rxg3+ 31. Kh2 Rxb3+ 32. Kg1 Rb2 0-1

[Event "ROM-ch U08"]
[Site "Calimanesti Caciulata"]
[Date "2019.04.16"]
[Round "2"]
[White "Roiu, David Gabriel"]
[Black "Damian, Ianis Ionut"]
[Result "1-0"]
[WhiteElo "1001"]
[BlackElo "1001"]
[PlyCount "39"]
[EventDate "2019.04.15"]
[EventType "swiss"]
[EventRounds "9"]
[EventCountry "ROU"]
[SourceTitle "CBM 190 Extra"]
[Source "ChessBase"]
[SourceDate "2019.07.15"]
[SourceVersion "1"]
[SourceVersionDate "2019.07.15"]
[SourceQuality "1"]

1. Nf3 e5 2. b3 Nc6 3. Bb2 Bd6 4. e3 Bb4 5. Bxe5 Nxe5 6. Nxe5 d6 7. Nf3 Nf6 8. Be2 0-0 9. c3 Ba5 10. a4 Bf5 11. b4 Bb6 12. a5 Re8 13. axb6 axb6 14. Na3 Bg4 15. Nb5 Rb8 16. Ra7 Rc8 17. Rxb7 Ra8 18. Nxc7 Rc8 19. Nxe8 Nxe8 20. Nd4 1-0

[Event "ROM-ch U08"]
[Site "Baile Felix"]
[Date "2017.02.02"]
[Round "1"]
[White "Roiu, David Gabriel"]
[Black "Santimbrean, Mihnea Nicolae"]
[Result "0-1"]
[WhiteElo "1020"]
[BlackElo "1267"]
[PlyCount "56"]
[EventDate "2017.02.02"]
[EventType "swiss"]
[EventRounds "9"]
[EventCountry "ROU"]
[SourceTitle "CBM 176 Extra"]
[Source "ChessBase"]
[SourceDate "2017.03.02"]
[SourceVersion "1"]
[SourceVersionDate "2017.03.02"]
[SourceQuality "1"]

1. e4 e5 2. Nf3 Nc6 3. Bc4 Bc5 4. 0-0 Nf6 5. c3 d6 6. d4 Bb6 7. d5 Ne7 8. Bb5+ c6 9. dxc6 bxc6 10. Bd3 0-0 11. Qe1 h6 12. Be3 Re8 13. Bxb6 Qxb6 14. Qe3 Qxb2 15. Nbd2 Qxc3 16. Rac1 Qa5 17. Bb1 Ng4 18. Qc3 Qxc3 19. Rxc3 Ba6 20. Rfc1 Rac8 21. Bd3 Bxd3 22. Rxd3 Ng6 23. Rxd6 Nf4 24. h3 Nf6 25. Re1 Rb8 26. g3 Nxh3+ 27. Kh2 Nxf2 28. Nc4 N2xe4 0-1